000 00478nam a22001817a 4500
003 NUST - PNEC
005 20170116180920.0
008 150904b xxu||||| |||| 00| 0 eng d
020 _a0071127399
040 _cLIBRARY
082 _a621.30151 BEI
100 _97699
_aBeiser, Arthur
245 _aBasic mathematics for electricity and electronics
_cArthur Beiser
250 _a2nd ed.
260 _cc.1993
650 _97703
_aElectronic engineering
_xEL
942 _2ddc
_cBK
999 _c65584
_d65584